My Nation/ (Record no. 214281)

MARC details
000 -LEADER
fixed length control field 00525nam a22001817a 4500
010 ## - LCCN (DPL NO)
LC control number ENG-147531
020 ## - INTERNATIONAL STANDARD BOOK NUMBER
Terms of availability 100.00
035 ## - SYSTEM CONTROL NUMBER
System control number EN-131063
037 ## - SOURCE OF ACQUISITION
Source of stock number/acquisition DBAD
082 ## - DEWEY DECIMAL CLASSIFICATION NUMBER
Classification number 320.4
Edition number 1
100 ## - MAIN ENTRY--PERSONAL NAME
Personal name Datar, Bharat Balawat
245 ## - TITLE STATEMENT
Title My Nation/
Statement of responsibility, etc Bharat Balawat Datar
250 ## - EDITION STATEMENT
Edition statement 1
260 ## - PUBLICATION, DISTRIBUTION, ETC. (IMPRINT)
Place of publication, distribution, etc Maharastra
Name of publisher, distributor, etc Bharat Balawat Datar
270 ## - ADDRESS
City Maharastra
Address F-202/203, Panchvati Society, Chavan Nagar, Dhankawadi, Pune
Postal code 411043
300 ## - PHYSICAL DESCRIPTION
Extent 92p.
Dimensions 21cm(pb)
942 ## - ADDED ENTRY ELEMENTS (KOHA)
Source of classification or shelving scheme Dewey Decimal Classification
Item type English Books
Classification part 320.4
Call number suffix DAT
Holdings
Withdrawn status Lost status Not for loan Collection code Home library Current library Date acquired Source of acquisition Cost, normal purchase price Full call number Barcode Copy number Cost, replacement price Koha item type
      Non-fiction Ashok Vihar Ashok Vihar 19/01/2026 DBAD 100.00 320.4 DAT EN-131063 1 100.00 English Books

© Delhi Public Library
Hit Counter
free hit counter